Mirabeau / (Record no. 178016)

MARC details
000 -LEADER
campo de control de longitud fija 00630nam a2200193 i 4500
001 - NÚMERO DE CONTROL
campo de control 178016
003 - IDENTIFICADOR DE NÚMERO DE CONTROL
campo de control ES-MaACL
005 - FECHA Y HORA DE LA ÚLTIMA TRANSACCIÓN
campo de control 20230906220452.0
008 - DATOS DE LONGITUD FIJA--INFORMACIÓN GENERAL
campo de control de longitud fija 110512s1891 fr |||| | fre d
100 0# - ENTRADA PRINCIPAL--NOMBRE DE PERSONA
Nombre de persona Rousse, Edmond.
9 (RLIN) 100052
245 10 - MENCIÓN DEL TÍTULO
Título Mirabeau /
Mención de responsabilidad, etc. par Edmond Rousse.
260 ## - PUBLICACIÓN, DISTRIBUCIÓN, ETC.
Lugar de publicación, distribución, etc. Paris :
Nombre del editor, distribuidor, etc. Hachette,
Fecha de publicación, distribución, etc. 1891.
300 ## - DESCRIPCIÓN FÍSICA
Extensión 221 p., 1 h. de lám. ;
Dimensiones 19 cm.
490 1# - MENCIÓN DE SERIE
Mención de serie Les Grands écrivains français
600 14 - PUNTO DE ACCESO ADICIONAL DE MATERIA--NOMBRE DE PERSONA
Nombre de persona Mirabeau, Honoré-Gabriel de Riqueti
Títulos y otros términos asociados al nombre comte de.
9 (RLIN) 81463
830 0# - PUNTO DE ACCESO ADICIONAL DE SERIE-TÍTULO UNIFORME
Título uniforme Les Grands écrivains français
9 (RLIN) 182230
852 ## - LOCALIZACIÓN
Ubicación ES-MaACL
Número de control de estantería B-3177(2)
Nota libre .- Encuadernado con otra obra
Holdings
Estatus retirado Estado de pérdida Estado de daño No para préstamo Colección Biblioteca de origen Biblioteca actual Ubicación en estantería Fecha de adquisición Fuente de adquisición Total de préstamos Signatura topográfica completa Código de barras Visto por última vez Precio de reemplazo Tipo de ítem Koha
        Libros del s. XIX Biblioteca del Ateneo de Madrid Biblioteca del Ateneo de Madrid Sala Pardo Bazán 12/05/2011     B-3177(2) 1187008 23/02/2023 23/02/2023 Libro impreso antiguo